000 00701nam a2200193Ii 4500
003 JO-AjNU
008 230605s9999||||xx |||||||||||||| ||und||
040 _aJO-AjNU
_bara
_erda
_cJO-AjNU
041 _aara
050 1 4 _aKMM165.N3234 1972
100 3 _aنده، حنا,
_eauthor
_946536
245 0 0 _aمجموعة المبادئ القانونية لمحكمة العدل العليا منذ بداية سنة 1953-1971
264 3 1 _aعمان: نقابة المحامين، 1972
300 _a680ص
336 _atext
_btxt
_2rdacontent
337 _aunmediated
_bn
_2rdamedia
338 _avolume
_bnc
_2rdacarrier
650 4 _aمحاكمات - قوانين وتشريعات - الاردن
_946537
999 _aA20253
_c23821
_d23821